[Event "30th World Junior Girls"]
[Site "Athens GRE"]
[Date "2012.08.11"]
[Round "9.20"]
[White "Imeeva,A"]
[Black "Nonkovic,B"]
[Result "0-1"]
[WhiteElo "2095"]
[BlackElo "1950"]

1.e4 d6 2.d4 Nf6 3.Nc3 e5 4.Nf3 Nbd7 5.Bc4 Be7 6.O-O O-O 7.a4 c6 8.Re1 exd4
9.Nxd4 Ne5 10.Ba2 Re8 11.h3 Bd7 12.f4 Ng6 13.Be3 Qa5 14.Qd3 Bd8 15.b4 Qxb4
16.Reb1 Qa5 17.Rxb7 Bb6 18.Kh1 Qh5 19.a5 Bc5 20.Rf1 Re7 21.f5 Ne5 22.Qd2 Rae8
23.Nde2 Bxe3 24.Qxe3 Bc8 25.Rxa7 Rxa7 26.Qxa7 Nxe4 27.Qe3 Nf6 28.Kg1 Ba6
29.Ng3 Qh4 30.Qf4 Qxf4 31.Rxf4 d5 32.Rb4 Nfd7 33.Kf2 Kf8 34.Na4 Ke7 35.Nb6 Kd6
36.Nxd7 Nxd7 37.c4 Ne5 38.Rb6 Bxc4 39.Bxc4 Nxc4 40.Ra6 d4 41.Ne2 d3 42.Nc3 d2
43.Ra7 Re3 44.Nd1 Re1 45.Nc3 Ne5 46.a6 d1=Q 47.Nxd1 Rxd1 48.Ra8 Ra1 49.a7 Ke7
50.g4 c5 51.Ke3 Nc6 52.Rc8 Nxa7 53.Rxc5 Kd6 54.Rc3 Nc6 55.Kf4 Ra4+ 56.Kg5 Ne5
57.Rb3 f6+ 58.Kh5 g6+ 59.fxg6 hxg6+ 60.Kh6 f5 61.Rb6+ Kd5 62.gxf5 gxf5 63.Kg5 f4
64.Rf6 f3 65.Rf5 Re4 66.Kf6 Kd4 67.h4 Ng4+ 68.Kg6 f2 69.h5 Ke3 70.h6 Nxh6  0-1

[Event "51st World Juniors"]
[Site "Athens GRE"]
[Date "2012.08.11"]
[Round "9.16"]
[White "Aravindh,Chithambaram VR."]
[Black "Indjic,A"]
[Result "0-1"]
[WhiteElo "2240"]
[BlackElo "2481"]

1.e4 d6 2.d4 Nf6 3.Nc3 e5 4.Nf3 Nbd7 5.Bc4 Be7 6.O-O O-O 7.h3 a6 8.a4 b6
9.dxe5 Nxe5 10.Nxe5 dxe5 11.Qe2 c6 12.Be3 Nd7 13.f4 exf4 14.Bxf4 Nc5 15.Rfd1 Qe8
16.Bc7 Nd7 17.e5 Ra7 18.Bd6 Bxd6 19.exd6 Qxe2 20.Bxe2 Ne5 21.a5 b5 22.Ne4 Be6
23.Nc5 Bd5 24.b3 Rd8 25.Rd4 Nd7 26.Nxd7 Raxd7 27.c4 Be6 28.c5 Bxb3 29.Bf3 Rc8
30.Re1 Be6 31.Kf2 Rb7 32.Rb4 Kf8 33.Ke3 Rd7 34.Kd4 Rxd6+ 35.Kc3 Rd7 36.Re3 Rcd8
37.Rf4 Bd5 38.Bg4 Re7 39.Rd3 Re5  0-1

[Event "II Brazil Maringa Open"]
[Site "Maringa BRA"]
[Date "2012.08.11"]
[Round "6.1"]
[White "Cubas,Jo"]
[Black "Stamenkovic,Dr"]
[Result "1-0"]
[WhiteElo "2507"]
[BlackElo "2383"]

1.e4 d6 2.d4 Nf6 3.Nc3 e5 4.Nf3 Nbd7 5.Bc4 Be7 6.O-O c6 7.a4 Qc7 8.Re1 h6
9.b3 Nf8 10.Nh4 g6 11.Bb2 Bg4 12.Nf3 Ne6 13.Bxe6 Bxe6 14.dxe5 dxe5 15.Nd5 cxd5
16.Bxe5 Qa5 17.exd5 O-O-O 18.c4 Rhe8 19.b4 Bxb4 20.Bxf6 Bxe1 21.Bxd8 Bxf2+
22.Kxf2 Rxd8 23.Qd4 Bd7 24.Kg1 b6 25.Ne5 Re8 26.Rf1 f6 27.Nxd7 Kxd7 28.Qg4+ Kc7
29.Qxg6 Qc5+ 30.Kh1 Qxc4 31.Qf7+ Kd8 32.Qxf6+ Kd7 33.h3 Qxd5 34.Qxh6 Re7
35.Qc1 Re4 36.Rf8 Rc4 37.Qe1 Re4 38.Qc1 Rc4 39.Qb1 Kc6 40.Qg6+ Kb7 41.Qf7+ Qxf7
42.Rxf7+ Ka6 43.g4 Rxa4 44.g5 Rh4 45.Kh2 b5 46.g6 Rh8 47.g7 Rg8 48.h4 b4
49.h5 b3 50.h6  1-0

[Event "2nd Split Open 2012"]
[Site "Split CRO"]
[Date "2012.08.11"]
[Round "1.27"]
[White "Rjabzev,K"]
[Black "Ruffenach,A"]
[Result "1-0"]
[WhiteElo "2279"]
[BlackElo "1929"]

1.e4 d6 2.d4 Nf6 3.Nc3 e5 4.dxe5 dxe5 5.Qxd8+ Kxd8 6.Bg5 Bd6 7.O-O-O Be6
8.f4 Bg4 9.fxe5 h6 10.Bxf6+ gxf6 11.exd6 Bxd1 12.dxc7+ Kxc7 13.Kxd1 Nd7 14.Nd5+ Kd6
15.Bb5 Rad8 16.Bxd7 Rxd7 17.Nf3 Ke6 18.Kc1 f5 19.Nf4+ Kf6 20.e5+ Ke7 21.Nh4 Kf8
22.Nxf5 Rg8 23.e6  1-0

[Event "FSFMB August 2012"]
[Site "Budapest HUN"]
[Date "2012.08.12"]
[Round "9.1"]
[White "Bakos,Viktor"]
[Black "Gruz,J"]
[Result "1/2-1/2"]
[WhiteElo "1521"]
[BlackElo "1837"]

1.e4 d6 2.d4 Nf6 3.Nc3 c6 4.h3 Qc7 5.Nf3 e5 6.Bc4 h6 7.O-O Be7 8.Re1 O-O
9.Be3 Nbd7 10.Qd2 b5 11.Bd3 exd4 12.Nxd4 Ne5 13.Bf4 b4 14.Nd1 c5 15.Bxe5 dxe5
16.Nf3 c4 17.Bf1 Bb7 18.Qe2 Rac8 19.Ne3 c3 20.b3 Bxe4 21.Nc4 Bxf3 22.Qxf3 e4
23.Qg3 Qxg3 24.fxg3  1/2-1/2

[Event "2nd Split Open 2012"]
[Site "Split CRO"]
[Date "2012.08.12"]
[Round "2.19"]
[White "Nikolova,A"]
[Black "Bosnjak,Petar"]
[Result "1-0"]
[WhiteElo "2299"]
[BlackElo "2099"]

1.d4 d6 2.e4 Nf6 3.Nc3 e5 4.Nf3 Nbd7 5.Bc4 Be7 6.O-O O-O 7.Re1 c6 8.a4 a5
9.Ba2 exd4 10.Qxd4 Ne5 11.Nh4 g6 12.f4 Nfg4 13.Nf3 Nxf3+ 14.gxf3 Bh4 15.Re2 Nf6
16.Be3 Be6 17.f5 Bxa2 18.Rxa2 Nh5 19.Rg2 Bf6 20.Qd2 d5 21.Bh6 Re8 22.fxg6 fxg6
23.exd5 Bxc3 24.Qxc3 Qxd5 25.Ra1 Qe5 26.Qb3+ Qd5 27.c4 Qc5+ 28.Kh1 Qb4 29.Qxb4 axb4
30.Rd2 b5 31.cxb5 cxb5 32.a5 Kf7 33.Rd5 Re2 34.a6 Rxb2 35.a7 b3 36.Rxb5 Ra2
37.Rxa2 bxa2 38.Ra5 Nf6 39.Rxa2 Nd5 40.Ra5 Ke6 41.Bg7 Nb4 42.Bd4 Nc6 43.Ra6 Kd7
44.Bb6 Kc8 45.Be3 Kb7 46.Ra4 Nxa7 47.Rh4 h5 48.Rb4+ Kc7 49.Ra4 Kb7 50.Kg2 Nc6
51.Rxa8 Kxa8 52.Kg3 Kb7 53.Kf4 Kc7 54.Kg5 Ne7 55.Bc5 Nf5 56.Bf2 Ne7 57.Kf6 Kd7
58.Be1 Ke8 59.Bh4 Kf8 60.Bg5 Ke8 61.Kg7 Nf5+ 62.Kxg6 Nd4 63.f4 Kf8 64.h4 Kg8
65.f5 Nf3 66.Kxh5 Kf7 67.Kg4 Ne5+ 68.Kf4 Nd7 69.Ke4 Nf8 70.Be3 Nd7 71.Bd4 Nf8
72.h5 Nh7 73.Kf4 Nf8 74.Kg4 Nh7 75.h6 Nf8 76.Kh5 Kg8 77.Bg7 Nd7 78.Kg6  1-0

[Event "2nd Split Open 2012"]
[Site "Split CRO"]
[Date "2012.08.12"]
[Round "2.14"]
[White "Walter,T"]
[Black "Galic,I2"]
[Result "1-0"]
[WhiteElo "2130"]
[BlackElo "2364"]

1.e4 d6 2.d4 Nf6 3.Nc3 e5 4.dxe5 dxe5 5.Qxd8+ Kxd8 6.Bc4 Ke8 7.f3 c6 8.a4 a5
9.Be3 Nbd7 10.Nh3 Bc5 11.Nd1 Ke7 12.Nhf2 Rd8 13.Nd3 Bxe3 14.Nxe3 g6 15.O-O-O Ne8
16.Rd2 f6 17.Rhd1 Nd6 18.Bb3 b6 19.Nb4 Nb8 20.Nbd5+ cxd5 21.Nxd5+ Kf8 22.Nxb6 Ra6
23.Nxc8 Rxc8 24.Rxd6 Ke7 25.R6d5 Ra7 26.Rb5 Nc6 27.Rc5 Rcc7 28.c3 Nb8 29.Rxc7+ Rxc7
30.Rd5 Ra7 31.Rb5 Nd7 32.Bd5 f5 33.Bc6 Nf6 34.exf5 Kd6 35.Be4 Nxe4 36.fxe4 gxf5
37.exf5 Rg7 38.g3 Rg5 39.f6 Rf5 40.Kd2 Rf2+ 41.Ke3 Rxh2 42.Rb6+ Kd7 43.Rb7+ Ke8
44.Ke4 Rf2 45.Kxe5 h5 46.Ke6 Re2+ 47.Kf5 Rg2 48.f7+ Kf8 49.Kf6 Rf2+ 50.Kg6 h4
51.Rb8+ Ke7 52.Re8+  1-0

[Event "30th World Junior Girls"]
[Site "Athens GRE"]
[Date "2012.08.13"]
[Round "11.18"]
[White "Nevioselaya,M"]
[Black "Narva,T"]
[Result "1/2-1/2"]
[WhiteElo "2057"]
[BlackElo "2028"]

1.e4 d6 2.d4 Nf6 3.Nc3 e5 4.dxe5 dxe5 5.Qxd8+ Kxd8 6.Nf3 Bd6 7.b3 Nc6 8.Bb2 Nd4
9.Bd3 a6 10.Nxd4 exd4 11.Ne2 Bb4+ 12.Kf1 c5 13.a4 b6 14.f3 Ke7 15.Bc4 Bb7
16.Ng3 g6 17.Bc1 Nd7 18.Bf4 Bc6 19.Kf2 Bc3 20.Rad1 b5 21.Bd5 Rac8 22.Bxc6 Rxc6
23.Ne2 Bb4 24.axb5 axb5 25.Ra1 f6 26.Ra7 g5 27.Bc1 Ke6 28.h4 g4 29.fxg4 Ne5
30.g5 Rf8 31.Nf4+ Kd6 32.Rxh7 c4 33.g6 cxb3 34.h5 Rc3 35.Nd5 Rxc2+ 36.Kg3 b2
37.Bxb2 Rxb2 38.Nxb4 Rxb4 39.Ra7 f5 40.g7 f4+ 41.Kh4 Rg8 42.h6 Ra4 43.Rxa4 bxa4
44.Kh5 Nf7 45.Kg6 Nxh6 46.Rxh6 Ke5 47.Rh3 Kxe4 48.Ra3 d3 49.Rxa4+ Ke3 50.Ra3 Ke2
51.Kf7 Rxg7+ 52.Kxg7 d2 53.Ra1 d1=Q 54.Rxd1 Kxd1 55.Kf6 Ke2 56.Kf5 Kf2 57.Kxf4  1/2-1/2

[Event "28th Geraardsbergen Open"]
[Site "Geraardsbergen BEL"]
[Date "2012.08.13"]
[Round "5.7"]
[White "Lemmens,P"]
[Black "Ponnet,H"]
[Result "0-1"]
[WhiteElo "1946"]
[BlackElo "2203"]

1.e4 d6 2.d4 Nf6 3.Nc3 c6 4.h3 Nbd7 5.Nf3 e5 6.Be2 Be7 7.O-O Qc7 8.Be3 h6
9.a4 Nf8 10.Nd2 g5 11.dxe5 dxe5 12.Nc4 Ng6 13.Qd2 Be6 14.Rfd1 Kf8 15.f3 Nh5
16.Qe1 Nhf4 17.Bf1 Nh4 18.Nd2 Nhg6 19.Qf2 b6 20.a5 b5 21.Kh2 h5 22.b4 g4
23.Bc5 Rg8 24.Ne2 Nxe2 25.Qxe2 Bxc5 26.bxc5 Nf4 27.Qe3 g3+ 28.Kg1 Qe7 29.Nb3 Bxh3
30.gxh3 g2 31.Bxg2 Rxg2+ 32.Kf1 Rh2 33.Qg1 Rxc2 34.Rd6 Qh4 35.Nd2 b4 36.Rd1 b3
37.Rxc6 b2 38.Rd6 Rb8 39.Qh1 b1=Q 40.Nxb1 Qf2+  0-1

[Event "2nd Split Open 2012"]
[Site "Split CRO"]
[Date "2012.08.13"]
[Round "3.25"]
[White "Craciun,O"]
[Black "Doric,N"]
[Result "1/2-1/2"]
[WhiteElo "2041"]
[BlackElo "2322"]

1.e4 d6 2.d4 Nf6 3.Nc3 e5 4.dxe5 dxe5 5.Qxd8+ Kxd8 6.Bc4 Ke8 7.Nge2 a6 8.f3 Nbd7
9.Be3 b5 10.Bb3 Nc5 11.Bd5 Nxd5 12.Nxd5 Ne6 13.O-O-O Bb7 14.Rd3 Bd6 15.Rhd1 Rd8
16.Ng3 g6 17.Nf1 Bxd5 18.exd5 Nc5 19.Rc3 Nd7 20.Nd2 f5 21.Nb3 Rc8 22.a3 Kf7
23.Nc5 Nxc5 24.Bxc5 Rhd8 25.b3 Ke7 26.Bb4 a5  1/2-1/2

[Event "16th Izmailov Mem"]
[Site "Tomsk RUS"]
[Date "2012.08.13"]
[Round "7.22"]
[White "Egorov,Al RUS"]
[Black "Sviridov,Va"]
[Result "0-1"]
[WhiteElo "1973"]
[BlackElo "2215"]

1.e4 d6 2.d4 Nf6 3.Nc3 c6 4.Bg5 Qa5 5.Qd2 Nbd7 6.f4 b5 7.Bd3 e5 8.fxe5 dxe5
9.d5 cxd5 10.Nxb5 Qb6 11.exd5 Bc5 12.O-O-O h6 13.b4 Bxg1 14.Rhxg1 hxg5 15.Qxg5 a6
16.Na3 Qxb4 17.Nc4 O-O 18.a3 Qc3 19.Nd6 Qxa3+  0-1

[Event "Husek Vienna Open A"]
[Site "Vienna AUT"]
[Date "2012.08.13"]
[Round "1"]
[White "Meglitsch,K"]
[Black "Juhasz,Kr"]
[Result "1/2-1/2"]
[WhiteElo "2058"]
[BlackElo "2377"]

1.e4 d6 2.d4 Nf6 3.Nc3 e5 4.dxe5 dxe5 5.Qxd8+ Kxd8 6.Nf3 Bd6 7.Bc4 Ke7 8.Bg5 c6
9.O-O-O Bc7 10.Nd2 h6 11.Bh4 Nd7 12.Rhe1 b5 13.Bb3 Nc5 14.f4 a5 15.a4 b4
16.Ne2 Nxb3+ 17.Nxb3 Ke8 18.fxe5 Ng4 19.Ned4 Nxe5 20.Nf5 g5 21.Bg3 f6 22.Nd6+ Ke7
23.Nxc8+ Rhxc8 24.Nd4 h5 25.Nf5+ Ke6 26.Ng7+ Kf7 27.Bxe5 Bxe5 28.Rd7+ Kg6
29.Nf5 Rc7 30.Red1 h4 31.h3 g4  1/2-1/2

[Event "51st World Juniors"]
[Site "Athens GRE"]
[Date "2012.08.14"]
[Round "12.15"]
[White "Barbosa,Ev"]
[Black "Yilmaz,M"]
[Result "0-1"]
[WhiteElo "2436"]
[BlackElo "2543"]

1.e4 d6 2.d4 Nf6 3.Nc3 e5 4.Nf3 Nbd7 5.Bc4 Be7 6.O-O O-O 7.Re1 c6 8.a4 a5
9.h3 Nb6 10.Ba2 Nfd7 11.Be3 exd4 12.Qxd4 Nc5 13.Rad1 Be6 14.Bxe6 fxe6 15.e5 d5
16.Qg4 Nbd7 17.Ne2 Qe8 18.Ned4 h5 19.Qg3 Ne4 20.Qh2 Qg6 21.Nd2 Nxd2 22.Bxd2 Nc5
23.Qg3 Qf7 24.Qf3 Qxf3 25.gxf3 Nxa4 26.Nxe6 Rxf3 27.Kg2 Rf7 28.Ra1 Nxb2 29.Rxa5 Re8
30.Ra7 Nc4 31.Ng5 Rxf2+ 32.Kxf2 Nxd2 33.Rxb7 Bxg5 34.Kg2 Nc4 35.Rc7 Rxe5
36.Rxe5 Nxe5 37.Kg3 h4+ 38.Kf2 Kh7 39.Rc8 Kg6  0-1

[Event "30th World Junior Girls"]
[Site "Athens GRE"]
[Date "2012.08.14"]
[Round "12.22"]
[White "Serefidou,D"]
[Black "Nonkovic,B"]
[Result "1/2-1/2"]
[WhiteElo "1865"]
[BlackElo "1950"]

1.e4 d6 2.d4 Nf6 3.Nc3 e5 4.Nf3 Nbd7 5.Bc4 Be7 6.O-O O-O 7.a4 c6 8.Re1 exd4
9.Nxd4 Ne5 10.Ba2 Re8 11.h3 Bd7 12.Bf4 Qa5 13.Qd2 Qb4 14.Nd5 Nxd5 15.exd5 Qxd2
16.Bxd2 Bf6 17.Bc3 a6 18.dxc6 bxc6 19.Ne2 Be6 20.f4 Nd7 21.Bxf6 Bxa2 22.Bc3 Bd5
23.Ng3 g6 24.a5 Nc5 25.b4 Ne6 26.Ne2 Be4 27.Rac1 c5 28.Red1 d5 29.bxc5 Nxc5
30.Nd4 Rac8 31.Bb4 Ne6 32.Nxe6 Rxe6 33.c3 Rec6 34.Rd4 Rc4 35.Rcd1 Kg7  1/2-1/2

[Event "Prva liga RS seniori 2012"]
[Site "Banja Vrucica SRB"]
[Date "2012.08.14"]
[Round "4"]
[White "Sredojevic,I"]
[Black "Grubisic,Il"]
[Result "1-0"]
[WhiteElo "2407"]
[BlackElo "2310"]

1.e4 d6 2.d4 Nf6 3.Nc3 e5 4.Nf3 Nbd7 5.Bc4 Be7 6.O-O O-O 7.Re1 c6 8.a4 Qc7
9.b3 h6 10.Bb2 Re8 11.a5 Nf8 12.Nh4 Ne6 13.Bxe6 Bxe6 14.dxe5 dxe5 15.Qf3 g6
16.Ra4 b5 17.axb6 axb6 18.Rxa8 Rxa8 19.h3 b5 20.Qe3 Kh7 21.Nf3 Nd7 22.Rd1 f6
23.Nh2 f5 24.exf5 gxf5 25.Nf3 Rf8 26.Ne2 Bd5 27.Bxe5 Nxe5 28.Nxe5 Bd6 29.f4 Rg8
30.g3 Qe7 31.Kh2 Be4 32.Nd4 Bc5 33.b4 Bb6 34.Nxf5 Bxf5 35.Qxb6 Qxb4 36.Qxc6 Qa3
37.g4 Qe3 38.Qf3 Qxf3 39.Nxf3 Bxc2 40.Rc1 Be4 41.Ne5 Rg7 42.Re1 Bd5 43.Rd1 Ba2
44.Rd2 Bg8 45.Rd4 Rb7 46.Nc6 Rc7 47.Rd6 Bf7 48.f5 Be8 49.Nb4 Rc4 50.Nd5 Bf7
51.Rd7 Kg7 52.Nc7 b4 53.Ne8+ Kg8 54.Nd6 Rc2+ 55.Kg3 Ba2 56.Rb7 b3 57.f6 b2
58.Rb8+ Kh7 59.f7 Rc3+ 60.Kh4 Rf3 61.Rxb2 Bxf7 62.Rb7 Kg6 63.Nf5 h5 64.Rb6+ Kh7
65.Rh6+ Kg8 66.Rf6 hxg4 67.hxg4 Ra3 68.Rc6 Ra8 69.Kg5 Be8 70.Re6 Bf7 71.Nh6+ Kg7
72.Re7 Ra5+ 73.Nf5+ Kf8 74.Rb7 Ra6 75.Rb8+ Be8 76.Rd8 Rg6+ 77.Kf4 Rg8 78.Nd6 Ke7
79.Rxe8+ Rxe8 80.Nxe8 Kxe8 81.Kg5 Kf7 82.Kh6 Kg8 83.g5 Kh8 84.g6 Kg8 85.g7  1-0

[Event "Stare Mesto Open 2012"]
[Site "Stare Mesto CZE"]
[Date "2012.08.15"]
[Round "7.5"]
[White "Gasa,A"]
[Black "Neuman,P"]
[Result "1/2-1/2"]
[WhiteElo "2262"]
[BlackElo "2476"]

1.e4 d6 2.d4 Nf6 3.Nc3 e5 4.Nf3 Nbd7 5.a4 Be7 6.g3 O-O 7.Bg2 b6 8.O-O Bb7
9.Re1 a6 10.dxe5 dxe5 11.Nd5 Bd6 12.Nxf6+ Nxf6 13.Nh4 Re8 14.Nf5 Bb4 15.Qxd8 Raxd8  1/2-1/2

[Event "Husek Vienna Open A"]
[Site "Vienna AUT"]
[Date "2012.08.15"]
[Round "3"]
[White "Dudas,E"]
[Black "Jovanovic,Zo CRO"]
[Result "0-1"]
[WhiteElo "2262"]
[BlackElo "2521"]

1.e4 d6 2.d4 Nf6 3.Nc3 e5 4.Nf3 Nbd7 5.Bc4 Be7 6.O-O O-O 7.Re1 c6 8.a4 b6
9.d5 cxd5 10.Nxd5 Bb7 11.b3 Rc8 12.Re2 Nc5 13.Nxf6+ Bxf6 14.Bd5 Qd7 15.Ba3 Bxd5
16.Qxd5 Rfd8 17.Rb1 Ne6 18.Rd2 Nf4 19.Qb5 Qg4 20.Ne1 d5 21.exd5 e4 22.Bb2 Bxb2
23.Rxb2 Rc5 24.Qb4 e3  0-1

[Event "25th Panevezys IM"]
[Site "Panevezys LTU"]
[Date "2012.08.16"]
[Round "5.4"]
[White "Bernotas,A"]
[Black "Malinin,Y"]
[Result "0-1"]
[WhiteElo "2292"]
[BlackElo "2325"]

1.e4 d6 2.d4 Nf6 3.Nc3 c6 4.g3 e5 5.Nge2 Qc7 6.a4 Be7 7.Bg2 a5 8.O-O O-O
9.h3 Na6 10.Be3 Nb4 11.g4 d5 12.dxe5 Nxe4 13.f4 Nxc3 14.bxc3 Na6 15.Nd4 Re8
16.f5 Bc5 17.Bf4 Rxe5 18.Bxe5 Qxe5 19.Re1 Qf6 20.Re8+ Bf8 21.Qd2 Nc7 22.Re2 h6
23.Nb3 Qd6 24.c4 b6 25.cxd5 Ba6 26.Rf2 Nxd5 27.Rd1 Qg3 28.Rf3 Qc7 29.g5 hxg5
30.Qxg5 Be2 31.Rxd5 Bxf3 32.Rd4 Bxg2 33.Kxg2 Qe5 34.Qf4 Qxf4 35.Rxf4 Rd8
36.Rc4 b5 37.Rxc6 bxa4 38.Nxa5 Ra8  0-1

[Event "LBV Open A 2012"]
[Site "Roosendaal NED"]
[Date "2012.08.16"]
[Round "1.24"]
[White "Rietveld,L"]
[Black "Erwich,Frank"]
[Result "0-1"]
[WhiteElo "2034"]
[BlackElo "2359"]

1.d4 d6 2.Nc3 Nf6 3.e4 e5 4.dxe5 dxe5 5.Qxd8+ Kxd8 6.Nf3 Bd6 7.Bg5 Nd7 8.Bc4 Ke8
9.O-O-O a6 10.a3 h6 11.Bh4 Kf8 12.h3 g5 13.Bg3 Kg7 14.Nd2 b5 15.Be2 Nc5 16.h4 Bb7
17.hxg5 hxg5 18.Nf3 Rxh1 19.Rxh1 Ncxe4 20.Nxe4 Nxe4 21.Bxe5+ Bxe5 22.Nxe5 Re8
23.Nd3 Nxf2  0-1

[Event "2nd Split Open 2012"]
[Site "Split CRO"]
[Date "2012.08.16"]
[Round "6.43"]
[White "Pecha,T"]
[Black "Zivkovic,Elvis"]
[Result "1-0"]
[WhiteElo "2263"]
[BlackElo "1742"]

1.e4 d6 2.d4 Nf6 3.Nc3 e5 4.Nf3 Nbd7 5.Bc4 Be7 6.O-O h6 7.Re1 O-O 8.a4 a5
9.b3 Ne8 10.Bb2 exd4 11.Nxd4 Ne5 12.Bf1 Bh4 13.g3 Be7 14.f4 Ng6 15.Qf3 Bf6
16.Rad1 c5 17.Ndb5 Qe7 18.Nd5 Qd8 19.Nxf6+ gxf6 20.Rd2 Qb6 21.Red1 Ra6 22.Na3 Be6
23.Bxa6 bxa6 24.f5 c4+ 25.Qf2  1-0

[Event "TATA 14th IBCA Olympiad"]
[Site "Chennai IND"]
[Date "2012.08.17"]
[Round "7.4"]
[White "Krylov,Sergey1"]
[Black "Makwana,Ashvin K"]
[Result "1-0"]
[WhiteElo "2337"]
[BlackElo "1919"]

1.e4 d6 2.d4 Nf6 3.Nc3 Nbd7 4.Nf3 e5 5.Bc4 Be7 6.O-O O-O 7.Re1 c6 8.a4 Qc7
9.h3 h6 10.Ba2 Re8 11.Nh4 Nf8 12.Be3 Be6 13.Bxe6 Nxe6 14.Nf5 Bf8 15.d5 Nc5
16.Qf3 Kh7 17.Nxh6 gxh6 18.Qxf6 Bg7 19.Qf5+ Kh8 20.Rad1 Rad8 21.b4 Na6 22.dxc6 Nxb4
23.Nb5 Qxc6 24.Qxf7 Rf8 25.Qb3 a5 26.c3 Na6 27.Na7 Qd7 28.Bb6 Rde8 29.Nb5 Rf6
30.Rd2 Rg6 31.c4 Rg8 32.Kh2 Bf8 33.g3 Qh7 34.Bxa5 Nc5 35.Qf3 Nxa4 36.Bb4 Nc5
37.Bxc5 dxc5 38.Rd8 Be7 39.Rxg8+ Rxg8 40.Rd1 Rf8 41.Qe2 Qf7 42.Kg2 Rd8 43.Rxd8+ Bxd8
44.Nd6 Qd7 45.Nf5 Kh7 46.h4 Ba5 47.Ne3 Bd8 48.Qh5 Bf6 49.Nd5 Bg7 50.Qf5+ Qxf5
51.exf5 Bf8 52.Kf3 Kg7 53.Ke4 Bd6 54.g4 Kf7 55.g5 hxg5 56.hxg5 Kg7 57.Kf3 Kf7
58.Kg4 e4 59.g6+ Kg7 60.Kg5  1-0

[Event "TATA 14th IBCA Olympiad"]
[Site "Chennai IND"]
[Date "2012.08.17"]
[Round "7.1"]
[White "Yuvarlak,U"]
[Black "Vrioni,Bersan"]
[Result "1-0"]
[WhiteElo "1910"]
[BlackElo "1855"]

1.e4 d6 2.d4 Nf6 3.Nc3 Nbd7 4.Be3 e5 5.Nf3 Be7 6.h3 a6 7.a4 O-O 8.Be2 h6
9.O-O Nh7 10.dxe5 dxe5 11.Qd2 Bd6 12.Rfd1 Nhf6 13.Nh2 Qe7 14.Ng4 Bb4 15.Nd5 Nxd5
16.Qxd5 Bd6 17.Bc4 Nb6 18.Bxb6 Be6 19.Qd3 Bxc4 20.Qxc4 cxb6 21.Ne3 Rac8 22.Qb3 Bc5
23.Nf5 Qf6 24.Qg3 Kh7 25.c3 g6 26.Qh4 Qxh4 27.Nxh4 Rfd8 28.Nf3 f6 29.Kf1 Kg7
30.Ke2 Be7 31.Rxd8 Rxd8 32.Rd1 Rxd1 33.Kxd1 Kf7 34.Ke2 Ke6 35.Nh2 f5 36.f3 Bg5
37.Kd3 Kd6 38.Nf1 Kc5 39.b4+ Kd6 40.exf5 gxf5 41.Ne3 Ke6 42.g4 fxg4 43.fxg4 Bd8
44.Ke4 Bh4 45.Nf5 Bg5 46.c4 Bd2 47.b5 Bf4 48.h4 Bd2 49.Ne3 Be1 50.g5 h5 51.Nf5 Bc3
52.Ng7+ Kf7 53.Nxh5 Be1 54.Kf5 Bxh4 55.g6+ Ke7 56.g7 Kf7 57.Kxe5 Be7 58.Kd5 axb5
59.cxb5 Bc5 60.Ng3 Kxg7 61.Ne4 Bb4 62.Nd6 Kf6 63.Nxb7 Be1 64.Kc6 Ke6 65.Kxb6 Kd7
66.Nc5+ Kc8 67.Kc6 Bg3 68.a5 Kb8 69.a6 Ka8 70.b6 Bh2 71.Ne6  1-0

[Event "EY Girls U18 2012"]
[Site "Prague CZE"]
[Date "2012.08.17"]
[Round "1.20"]
[White "Sanal,S"]
[Black "Perera Borrego,M"]
[Result "0-1"]
[WhiteElo "1744"]
[BlackElo "2066"]

1.e4 d6 2.d4 Nf6 3.Nc3 e5 4.Nf3 Nbd7 5.Bc4 Be7 6.O-O O-O 7.Re1 c6 8.a4 b6
9.d5 cxd5 10.Nxd5 Bb7 11.b3 Rc8 12.Re2 Nc5 13.Nxf6+ Bxf6 14.Bd5 Qd7 15.Ba3 Rfd8
16.Qd2 Bxd5 17.Qxd5 Ne6 18.Rd2 Nf4 19.Qb5 Qg4 20.Qf1 d5 21.Rad1 dxe4 22.Rxd8+ Bxd8
23.Nxe5 Nh3+ 24.Kh1 Qxd1  0-1

[Event "EY Boys U16 2012"]
[Site "Prague CZE"]
[Date "2012.08.17"]
[Round "1.43"]
[White "Nuri,M"]
[Black "Smith,Patrick L"]
[Result "1-0"]
[WhiteElo "2097"]
[BlackElo "1771"]

1.e4 d6 2.d4 Nf6 3.Nc3 e5 4.Nf3 exd4 5.Nxd4 g6 6.Bc4 Bg7 7.O-O O-O 8.Re1 Re8
9.Bb3 Nbd7 10.f3 c6 11.Be3 Nc5 12.Qd2 a5 13.Rad1 Qc7 14.a4 b6 15.Ba2 Ba6
16.Bh6 Bh8 17.Bg5 Rad8 18.Ndb5 cxb5 19.Bxf6 Bxf6 20.Nd5 Nxe4 21.Nxc7 Nxd2
22.Rxe8+ Rxe8 23.Nxe8 Bd4+ 24.Kh1 Be3 25.axb5 Bxb5 26.Nxd6 Bc6 27.Nxf7 Kg7
28.Ne5 Bb5 29.Bd5 h5 30.b3 a4 31.c4 Be8 32.bxa4 Bxa4 33.Ra1 Bc2  1-0

[Event "EY Boys U18 2012"]
[Site "Prague CZE"]
[Date "2012.08.17"]
[Round "1.12"]
[White "Nadirashvili,S"]
[Black "Kadric,D"]
[Result "0-1"]
[WhiteElo "2151"]
[BlackElo "2418"]

1.d4 d6 2.e4 Nf6 3.Nc3 e5 4.dxe5 dxe5 5.Qxd8+ Kxd8 6.Bg5 Nd7 7.O-O-O c6 8.f4 Ke8
9.Nf3 Be7 10.Bc4 Ng4 11.Bxe7 Kxe7 12.Nxe5 Ndxe5 13.fxe5 Nxe5 14.Bb3 Bg4 15.Rdf1 f6
16.h3 Bh5 17.Rf4 Rad8 18.g4 g5 19.Rf2 Bg6 20.Rd2 Rxd2 21.Kxd2 h5 22.gxh5 Bxh5
23.a4 Bf3 24.Ra1 Rxh3 25.a5 g4 26.a6 b5 27.Ke3 Rh2 28.Rg1 b4 29.Na4 Re2+
30.Kf4 Rxe4+ 31.Kg3 f5 32.Nb6 f4+ 33.Kh4 Kf6  0-1

[Event "EY Boys U16 2012"]
[Site "Prague CZE"]
[Date "2012.08.17"]
[Round "1.21"]
[White "Studer,N"]
[Black "Pavelek,T"]
[Result "1-0"]
[WhiteElo "2273"]
[BlackElo "1974"]

1.e4 d6 2.d4 Nf6 3.Nc3 e5 4.Nf3 Nbd7 5.Bc4 Be7 6.O-O O-O 7.Re1 c6 8.a4 Qc7
9.h3 h6 10.Ba2 Re8 11.Nh4 Nf8 12.dxe5 dxe5 13.Nf5 Bxf5 14.exf5 Rad8 15.Qf3 Bb4
16.Qg3 Kh7 17.Qh4 Rd4 18.g4 Bxc3 19.bxc3 Rxa4 20.Bxh6 gxh6 21.Qxf6 Qe7 22.Qxf7+ Qxf7
23.Bxf7 Rxa1 24.Rxa1 Ra8 25.h4 Kg7 26.Bc4 Kf6 27.Rd1 a5 28.Rd6+ Ke7 29.Rxh6 a4
30.f6+ Kd6 31.g5 b5 32.Ba2 Nd7 33.g6 Nxf6 34.g7 Ke7 35.Rh8 Ra6 36.Rb8 Ng8
37.Rxg8 Kf6 38.h5  1-0

[Event "EY Boys U14 2012"]
[Site "Prague CZE"]
[Date "2012.08.17"]
[Round "1.3"]
[White "Bellahcene,B"]
[Black "Portela Peleteiro,A"]
[Result "1-0"]
[WhiteElo "2390"]
[BlackElo "1953"]

1.d4 d6 2.e4 Nf6 3.Nc3 Nbd7 4.Nge2 e5 5.h3 Be7 6.g4 h5 7.g5 Nh7 8.h4 g6 9.Be3 c6
10.f4 f6 11.Qd2 b5 12.f5 Ndf8 13.Rg1 Rg8 14.O-O-O Qa5 15.a3 Bd7 16.Kb1 O-O-O
17.dxe5 dxe5 18.Nd5  1-0

[Event "LBV Open A 2012"]
[Site "Roosendaal NED"]
[Date "2012.08.17"]
[Round "2.21"]
[White "Arp,F"]
[Black "Broekmeulen,Jo"]
[Result "1-0"]
[WhiteElo "2091"]
[BlackElo "1999"]

1.e4 d6 2.d4 Nf6 3.Nc3 Nbd7 4.f4 e5 5.dxe5 dxe5 6.Nf3 Bb4 7.fxe5 Nxe4 8.Qd4 Bxc3+
9.bxc3 Nec5 10.Bg5 Ne6 11.Bxd8 Nxd4 12.cxd4 Kxd8 13.Bc4 Ke7 14.O-O Nb6 15.Bb3 h6
16.d5 Bg4 17.Nd4 Raf8 18.h3 Bd7 19.e6 fxe6 20.dxe6 Bc6 21.Nf5+ Ke8 22.e7 Rxf5
23.Rxf5 Kxe7 24.Rf7+ Kd8 25.Rxg7 a5 26.Be6  1-0

[Event "LBV Open A 2012"]
[Site "Roosendaal NED"]
[Date "2012.08.17"]
[Round "3.16"]
[White "Ootes,Le"]
[Black "Leenhouts,K"]
[Result "0-1"]
[WhiteElo "2209"]
[BlackElo "2390"]

1.e4 d6 2.d4 Nf6 3.Nc3 e5 4.Nf3 Nbd7 5.g4 Nxg4 6.Rg1 Ngf6 7.Bc4 h6 8.Be3 c6
9.a4 Qa5 10.Qd2 b5 11.Bd3 Bb7 12.b4 Qxb4 13.Rb1 Qa5 14.axb5 c5 15.dxe5 dxe5
16.b6 c4 17.Rb5 Qa1+ 18.Rb1 Qxb1+ 19.Nxb1 cxd3 20.cxd3 axb6 21.Qb2 Ra4 22.Bd2 Nxe4
23.dxe4 Rxe4+ 24.Kd1 Rg4 25.Rxg4 Bxf3+ 26.Ke1 Bxg4 27.Qc2 Nc5 28.Qa2 Be7
29.Qa7 Bd8 30.Nc3 O-O 31.Nd5 Bf3 32.Nxb6 Nd3+ 33.Kf1 Bh4 34.Be3 Rd8 35.Qa4 Nb2
36.Qxh4 Rd1+  0-1

[Event "LBV Open A 2012"]
[Site "Roosendaal NED"]
[Date "2012.08.17"]
[Round "3.5"]
[White "Kleijn,C"]
[Black "Haslinger,S"]
[Result "1/2-1/2"]
[WhiteElo "2418"]
[BlackElo "2524"]

1.e4 d6 2.d4 Nf6 3.Nc3 e5 4.Nf3 Nbd7 5.Bc4 Be7 6.O-O O-O 7.a4 c6 8.Ba2 a5
9.Re1 h6 10.h3 Re8 11.Nh4 exd4 12.Qxd4 Nc5 13.Ng6 Be6 14.Nxe7+ Rxe7 15.b3 Bf5
16.f3 Ne6 17.Qd2 Bh7 18.Bb2 Rd7 19.Rad1 d5 20.e5 Nh5 21.Qf2 Nhf4 22.Kh2 Bf5
23.Ne2 Qe7 24.Ng1 Qc5 25.Rd2 Qxf2 26.Rxf2 d4 27.Rd2 c5 28.Ne2 Rad8 29.g4 Bh7
30.Nxf4 Nxf4 31.Kg3 g5 32.Bb1 b6 33.h4 Rd5 34.Rh2 Bg6 35.Bc1 Ne6 36.Bd2 Kg7
37.Rf2 Re8 38.Rh2 Rc8 39.Bc1 Rd7 40.Ba2 Rd5 41.Rd2 Nf4 42.Rh2 Ne6 43.Rd2 Rdd8
44.Red1 Re8 45.Rh2 Rc7 46.Re1 Rd8 47.Rf2 Re8 48.Rh2 Kg8 49.Rf2 Rd8 50.Rh2 Kg7
51.Rf2  1/2-1/2

[Event "Stare Mesto Open 2012"]
[Site "Stare Mesto CZE"]
[Date "2012.08.17"]
[Round "9.4"]
[White "Certek,P"]
[Black "Neuman,P"]
[Result "1/2-1/2"]
[WhiteElo "2321"]
[BlackElo "2476"]

1.d4 d6 2.e4 Nf6 3.Nc3 c6 4.Nf3 Nbd7 5.g3 e5 6.Bg2 Be7 7.a4 O-O 8.O-O b6
9.Re1 a6 10.b3 Bb7 11.Ba3 Re8 12.Qd2 b5 13.dxe5 dxe5 14.Bxe7 Qxe7 15.Nh4 g6
16.axb5 cxb5 17.Nd5  1/2-1/2

[Event "Husek Vienna Open A"]
[Site "Vienna AUT"]
[Date "2012.08.17"]
[Round "5"]
[White "Weinzettl,E"]
[Black "Okhotnik,V"]
[Result "0-1"]
[WhiteElo "2291"]
[BlackElo "2423"]

1.e4 d6 2.d4 Nf6 3.Nc3 e5 4.Nge2 Be7 5.g3 exd4 6.Nxd4 Nc6 7.Bg2 Bg4 8.f3 Nxd4
9.Qxd4 Bd7 10.O-O O-O 11.Be3 Re8 12.Rad1 c5 13.Qd2 Qb6 14.g4 Bc6 15.g5 Nd7
16.f4 Qxb2 17.Rb1 Qa3 18.Rb3 Qa5 19.Qe2 Bf8 20.Bd2 Rac8 21.Nb1 Qxa2 22.Bc3 Qa4
23.Ra3 Qb5 24.Qh5 Bxe4 25.Bxe4 Rxe4 26.Ba1 Qe2  0-1